| 000 | 00000nam 2200000za 4500 |
| 001 | 9.696173 |
| 003 | CaOODSP |
| 005 | 20241203113637 |
| 007 | cr ||||||||||| |
| 008 | 150407|2001||||xxc|||||o f|0| 0 eng d |
| 040 | |aCaOODSP|beng |
| 043 | |an-cn--- |
| 086 | 1 |aEn40-617/2001E-PDF |
| 110 | 1 |aCanada. |bEnvironment Canada. |
| 245 | 10|aProviding cleaner air to Canadians |h[electronic resource] |
| 260 | |aOttawa - Ontario : |bEnvironment Canada |cFebruary 2001. |
| 300 | |a8p.|bmaps (some coloured), photographs |
| 500 | |aThe catalogue number (En40-617/2001E) and ISBN (0-662-29811-X) for the print edition have been incorrectly copied in this electronic publication. |
| 590 | |a12-21-Supp|b2012-05-18 |
| 690 | 07|aAir quality|2gcpds |
| 690 | 07|aAir pollution|2gcpds |
| 690 | 07|aPollution control|2gcpds |
| 775 | 08|tDe l'air pur pour les Canadiens |w(CaOODSP)9.640316 |
| 776 | 0#|tProviding cleaner air to Canadians |w(CaOODSP)9.662441 |
| 776 | 0#|tDe l'air pur pour les Canadiens |w(CaOODSP)9.662442 |
| 856 | 40|ahttp://publications.gc.ca|qPDF|s266 KB|uhttps://publications.gc.ca/collections/Collection/En40-617-2001E.pdf |